| 000 | 00770nam a22001817a 4500 | ||
|---|---|---|---|
| 999 |
_c14957 _d14957 |
||
| 003 | OSt | ||
| 082 | _2631.3 DHA/MO | ||
| 088 | _aP 262 | ||
| 100 |
_aDHANMON FRANCIS _aYOUNUS A _93882 |
||
| 245 | _aModelling the performance of wind energy conservation system at potential wind farm sites in Kerala | ||
| 260 |
_aTavanur 2013 _bDepartment of Farm Power Machinery and Energy |
||
| 300 | _a61 | ||
| 500 | _aModelling the performance of wind energy conservation system at potential wind farm sites in Kerala | ||
| 520 | _aModelling the performance of wind energy conservation system at potential wind farm sites in Kerala | ||
| 700 |
_aDr. Geetha Sussan Philip (Guide) _93684 |
||
| 856 | _uhttps://drive.google.com/open?id=1rKDkdNle5XmvkdCS5_1WO8UEy5u4dSzJ | ||
| 942 | _cPR | ||